Sheffield Wednesday Best Scorer By Year - Statistics

General Stats
  • This quiz has been taken 67 times
  • The average score is 7 of 21
Answer Stats
Player % Correct
David Hirst
88%
Paolo Di Canio
79%
Mark Bright
73%
Benito Carbone
63%
Andy Booth
54%
Lee Chapman
48%
Derek Dooley
39%
Gilles De Bilde
39%
Johnny Fantham
39%
Imre Váradi
38%
Brian Marwood
27%
David Ford
23%
David Layne
23%
Redfern Froggatt
23%
Roy Shiner
16%
Albert Quixall
14%
Dennis Woodhead
5%
Jackie Sewell
5%
Jack Whitham
5%
Hugh McJarrow
4%
John Ritchie
4%
No matching quizzes found
Score Distribution
Percent of People with Each Score
Percentile by Number Answered
Your Score History
You have not taken this quiz